000 00521nam a2200181 i 4500
001 58451
003 ES-MaACL
005 20230906163818.0
007 t|
008 031022s1978 sp ||||1| spa d
100 1 _aDuvigneaud, P.
_946390
245 1 3 _aLa síntesis ecológica /
_cP. Duvigneaud ; versión de A. Guiset.
250 _a[1ª ed.].
260 _a[Madrid] :
_bAlhambra,
_c[1978]
300 _aXII, 306 p., 16 lám. :
_bil. ;
_c27 cm.
700 1 _aGuiset, A.
_960901
852 _aES-MaACL
_jA-9410
_bR.98502
999 _c58451
_d58451